[Event "2nd MAIG Team Standard"]
[Site "Macau CHN"]
[Date "2007.10.28"]
[Round "1"]
[White "Wu Shaobin"]
[Black "Le Quang Liem"]
[Result "0-1"]
[WhiteElo "2449"]
[BlackElo "2534"]

1.d4 Nf6 2.c4 e6 3.Nf3 b6 4.g3 Ba6 5.b3 Bb4+ 6.Bd2 Be7 7.Bg2 d5 8.cxd5 exd5
9.O-O Nbd7 10.Nc3 Bb7 11.Rc1 O-O 12.Bf4 c6 13.Qc2 Re8 14.Qb2 a5 15.Ne5 Nxe5
16.Bxe5 Bb4 17.Bxf6 Qxf6 18.e3 Qe7 19.Qc2 Rad8 20.Na4 Ba3 21.Rb1 Qc7 22.Rfd1 Rd6
23.e4 dxe4 24.Bxe4 g6 25.d5 Rc8 26.dxc6 Bxc6 27.Rxd6 Bxd6 28.Qxc6 Qxc6 29.Bxc6 Rxc6
30.Rd1 Bb4 31.Rd5 h5 32.Rb5 Rc2 33.Kf1 Rxa2 34.Nxb6 Ra1+ 35.Kg2 Be1 36.Nc4 Kg7
37.Re5 Bb4 38.h4 Kf6 39.Rb5 Ra2 40.Kf1 Ke6 41.Re5+ Kd7 42.Rd5+ Kc6 43.Rd3 f6
44.Rf3 Be7 45.Re3 Bc5 46.Re6+ Kd5 47.Rxf6 a4 48.Nb6+ Bxb6 49.Rxb6 Kc5 50.Rb8 a3
51.b4+ Kc4 52.b5 Rb2 53.Ra8 a2 54.Kg2 Kxb5 55.Rb8+ Kc4 56.Rxb2 a1=Q 57.Re2 Qd1
58.Re3 Kd4 59.Re7 Qc2 60.Rd7+ Ke5 61.Re7+ Kf6 62.Re3 Qc6+ 63.Kh2 Kf5 64.Re7 Qc5
65.Rf7+ Ke5 66.Rf4 Kd6 67.Kg2 Qc6+ 68.Kf1 Qh1+  0-1

[Event "2nd MAIG Team Standard"]
[Site "Macau CHN"]
[Date "2007.10.28"]
[Round "2"]
[White "Le Quang Liem"]
[Black "Al Sayed,Mohamad"]
[Result "0-1"]
[WhiteElo "2534"]
[BlackElo "2480"]

1.d4 d5 2.c4 c6 3.Nf3 Nf6 4.e3 Bf5 5.Nc3 e6 6.Nh4 Bg6 7.Be2 Nbd7 8.O-O Bd6
9.g3 O-O 10.Nxg6 hxg6 11.b3 Qe7 12.Bf3 Rad8 13.Bb2 Nh7 14.Qc2 f5 15.Bg2 g5
16.f3 f4 17.Qf2 Ndf6 18.Rfe1 fxg3 19.hxg3 Qf7 20.f4 Qg6 21.Qf3 gxf4 22.gxf4 Nh5
23.Rf1 Ng3 24.Rf2 Nf6 25.Bh3 Nf5+ 26.Kh1 Qg3 27.Qxg3 Nxg3+ 28.Kg2 Nf5 29.Kf3 Kf7
30.Rh1 Bb4 31.Rc2 Rh8 32.Rch2 Rhg8 33.a3 Ba5 34.Rg1 Rh8 35.Rgh1 Rhg8 36.Rg1 g6
37.Bf1 Rh8 38.Rgh1 Rxh2 39.Rxh2 Nxe3 40.Bd3 Nf5 41.Ne2 Bc7 42.Rh1 Bd6 43.c5 Bc7
44.b4 a6 45.a4 Kg7 46.Bc3 Rf8 47.Bd2 Nh5 48.Rb1 Nh4+ 49.Kg4 Nf5 50.b5 axb5
51.axb5 Rf7 52.b6 Bb8 53.Ra1 Rf8 54.Ra8 Rh8 55.Bxf5 Nf6+ 56.Kf3 exf5 57.Nc1 Ne4
58.Be3 Nf6 59.Nb3 Ng4 60.Bd2 g5 61.fxg5 Rh3+ 62.Kg2 Rxb3 63.Rxb8 Rb2 64.Rxb7+ Kg6
65.Rc7 Rxd2+ 66.Kf1 f4 67.Rxc6+ Kxg5 68.Rc8 f3 69.Rg8+ Kf4 70.Rf8+ Kg3 71.Ke1 Rb2
72.Kd1 Nf2+ 73.Kc1 Nd3+ 74.Kd1 f2 75.Rf7 Nf4 76.Kc1 Re2  0-1

[Event "2nd MAIG Team Standard"]
[Site "Macau CHN"]
[Date "2007.10.29"]
[Round "4"]
[White "Le Quang Liem"]
[Black "Ismagambetov,An"]
[Result "1-0"]
[WhiteElo "2534"]
[BlackElo "2479"]

1.d4 Nf6 2.c4 e6 3.Nf3 d5 4.g3 dxc4 5.Bg2 c5 6.O-O Nc6 7.Qa4 Bd7 8.Qxc4 b5
9.Qd3 Rc8 10.Bg5 Be7 11.dxc5 Nb4 12.Qd2 Bxc5 13.Nc3 Bc6 14.Qxd8+ Rxd8 15.Rac1 Bb6
16.a3 Na6 17.Ne5 Bxg2 18.Kxg2 b4 19.Nb5 bxa3 20.bxa3 O-O 21.Nc6 Rd7 22.Rfd1 Rb7
23.Bf4 h6 24.Bd6 Ra8 25.a4 Kh7 26.Rc4 Ne8 27.Ba3 Rc8 28.Rdc1 Nb8 29.Ne5 Rxc4
30.Rxc4 f6 31.Nd3 a6 32.Nd6 Nxd6 33.Bxd6 Nd7 34.Nf4 e5 35.Nd5 Ba5 36.Rc6 Nb6
37.e4 Kg8 38.Bc7 Nxd5 39.Bxa5 Nb4 40.Rd6 Kf7 41.Kf3 h5 42.Bb6 Nc2 43.a5 Re7
44.Ke2 Rb7 45.Kd3 Na3 46.Rd8 Nb5 47.Kc4 Ke7 48.Rg8 Kd6 49.Ra8 Nc7 50.Rd8+ Ke7
51.Rc8 Ne8 52.Kd5 Rd7+ 53.Kc6 Nd6 54.Rg8  1-0

[Event "2nd MAIG Team Standard"]
[Site "Macau CHN"]
[Date "2007.10.30"]
[Round "6"]
[White "Ganguly,S"]
[Black "Le Quang Liem"]
[Result "0-1"]
[WhiteElo "2585"]
[BlackElo "2534"]

1.e4 c5 2.Nf3 d6 3.d4 cxd4 4.Nxd4 Nf6 5.Nc3 a6 6.Be3 e5 7.Nb3 Be6 8.f3 Nbd7
9.Qd2 Be7 10.O-O-O O-O 11.g4 b5 12.g5 b4 13.Ne2 Ne8 14.f4 a5 15.f5 a4 16.Nbd4 exd4
17.Nxd4 b3 18.Kb1 bxc2+ 19.Nxc2 Bb3 20.axb3 axb3 21.Na3 Ne5 22.Qg2 Kh8 23.Rg1 Nc7
24.Bd4 Qb8 25.h4 Qb4 26.h5 Rfc8 27.Bc3 Qc5 28.Bd4 Qb4 29.Qe2 Ra4 30.Rg3 Ne8
31.h6 gxh6 32.gxh6 Nf6 33.Rg7 Qxd4 34.Rxd4 Rxd4 35.Bg2 Nd3 36.Qe3 Rc1+ 37.Qxc1 Nxc1
38.Bf3 Nd3 39.Rxf7 Ne5  0-1

[Event "4th Open A"]
[Site "Moscow RUS"]
[Date "2008.02.03"]
[Round "2"]
[White "Belous,V"]
[Black "Le Quang Liem"]
[Result "0-1"]
[WhiteElo "2312"]
[BlackElo "2540"]

1.d4 Nf6 2.c4 e6 3.Nc3 Bb4 4.Qc2 O-O 5.e4 d5 6.e5 Ne4 7.Bd3 c5 8.a3 Qa5 9.Ne2 Bxc3+
10.bxc3 cxd4 11.cxd5 exd5 12.f3 Nxc3 13.Nxd4 Nb5+ 14.Bd2 Nxd4 15.Bxh7+ Kh8
16.Bxa5 Nxc2+ 17.Bxc2 Nc6 18.Bc7 Be6 19.Rb1 Rfc8 20.Rxb7 Nd8 21.Bxd8 Rxc2
22.Bg5 Rxg2 23.Bd2 Rc8 24.Rb2 d4 25.h4 d3 26.Kf1 Re2 27.h5 Kh7 28.h6 g5 29.Rh5 Rg8
30.Rh1 g4 31.fxg4 Rxg4 32.Bc1 Rxb2 33.Bxb2 d2  0-1

[Event "4th Open A"]
[Site "Moscow RUS"]
[Date "2008.02.09"]
[Round "8"]
[White "Potkin,V"]
[Black "Le Quang Liem"]
[Result "1-0"]
[WhiteElo "2609"]
[BlackElo "2540"]

1.d4 d5 2.c4 c6 3.Nf3 Nf6 4.Nc3 a6 5.Ne5 Nbd7 6.Bf4 e6 7.e3 Nxe5 8.Bxe5 Be7
9.Bd3 O-O 10.O-O b5 11.cxd5 cxd5 12.a4 b4 13.Nb1 a5 14.Nd2 Nd7 15.Bg3 Ba6
16.Qe2 Bxd3 17.Qxd3 Qb6 18.Rfc1 Rfc8 19.Nb3 Bd8 20.h3 Rc6 21.Rc2 Rac8 22.Rxc6 Rxc6
23.Qb5 Qa6 24.Qxa6 Rxa6 25.Rc1 Ra8 26.Bc7 Bxc7 27.Rxc7 Nb6 28.Nc5 Nc4 29.b3 Nd6
30.f3 h5 31.g4 hxg4 32.hxg4 g5 33.Kf2 Ne8 34.Rb7 Nf6 35.Kg3 Ne8 36.f4 gxf4+
37.Kxf4 Nf6 38.g5 Nh5+ 39.Kg4 Ng7 40.g6 f6 41.Re7 Rc8 42.Nxe6 Nxe6 43.Rxe6 Rc1
44.Rxf6 Rc3 45.Kf4 Rxb3 46.Ra6 Rb1 47.Rxa5 b3 48.Rb5 Kg7 49.Ke5 Kxg6 50.Kxd5 b2
51.e4 Kg5 52.Ke5 Kg4 53.d5 Kf3 54.d6 Re1 55.Rxb2 Rxe4+ 56.Kd5 Rxa4 57.d7 Ra1
58.Rb8 Rd1+ 59.Ke6 Re1+ 60.Kf6  1-0

[Event "WCh-Junior"]
[Site "Gaziantep TUR"]
[Date "2008.08.05"]
[Round "4"]
[White "Le Quang Liem"]
[Black "Can,E"]
[Result "1-0"]
[WhiteElo "2577"]
[BlackElo "2460"]

1.d4 Nf6 2.c4 e6 3.Nf3 d5 4.g3 dxc4 5.Bg2 Nc6 6.Qa4 Bb4+ 7.Bd2 Nd5 8.Bxb4 Nxb4
9.O-O a6 10.Nc3 Rb8 11.Ne5 O-O 12.Nxc6 Nxc6 13.Bxc6 bxc6 14.Qxc4 Qd6 15.e3 Rxb2
16.Rfb1 Rb6 17.Ne4 Qd5 18.Qxd5 cxd5 19.Nc5 f6 20.Rb3 Kf7 21.Rab1 Rxb3 22.Rxb3 Ke7
23.Rb8 e5 24.f3 exd4 25.exd4 a5 26.Ra8 Bf5 27.Ra7 Kd6 28.Rxa5 Rb8 29.g4 Bb1
30.Ra6+ Ke7 31.Re6+ Kd8 32.a4 Rb4 33.a5 Bg6 34.a6 Kc8 35.h4 Kb8 36.h5 Bc2
37.Re8+ Ka7 38.Rc8 Rxd4 39.Rxc7+ Kb6 40.Rc8 Ka7 41.Rc7+ Kb6 42.Ne6 Rd1+ 43.Kf2 Bd3
44.Rb7+ Kxa6 45.Nc5+ Ka5 46.Nxd3 Rxd3 47.Rxg7 Kb4 48.Rxh7 d4 49.Rf7 Rd2+
50.Kg3  1-0

[Event "1st Dragon Capital Vietnam Open"]
[Site "Vung Tau VIE"]
[Date "2008.08.27"]
[Round "1"]
[White "Nguyen Hoang Nam"]
[Black "Le Quang Liem"]
[Result "0-1"]
[WhiteElo "2310"]
[BlackElo "2577"]

1.e4 c5 2.Nf3 d6 3.d4 cxd4 4.Nxd4 Nf6 5.Nc3 a6 6.Be3 e5 7.Nde2 Be7 8.h3 h5
9.Qd3 Be6 10.f4 Qc7 11.Nd5 Bxd5 12.exd5 Nbd7 13.O-O-O Nc5 14.Qa3 Rc8 15.Nc3 Nce4
16.Qa4+ b5 17.Qxa6 Nxc3 18.bxc3 O-O 19.c4 bxc4 20.fxe5 Nd7 21.e6 fxe6 22.dxe6 Ne5
23.Re1 Bh4 24.Rd1 Be7 25.Re1 Ra8 26.Qb6 Qc8 27.Qb1 Qxe6 28.Bd2 c3 29.Be3 Rfb8
30.Qa1 Rb2 31.a4 Qf5 32.Re2 Bg5 33.Bxg5 Qxg5+ 34.Kd1 Rxa4  0-1

[Event "1st Dragon Capital Vietnam Open"]
[Site "Vung Tau VIE"]
[Date "2008.08.27"]
[Round "2"]
[White "Le Quang Liem"]
[Black "Goh Weiming"]
[Result "1/2-1/2"]
[WhiteElo "2577"]
[BlackElo "2403"]

1.d4 d5 2.c4 e6 3.Nf3 c6 4.Nbd2 Nf6 5.e3 Nbd7 6.Bd3 Be7 7.O-O O-O 8.e4 dxe4
9.Nxe4 c5 10.Nxc5 Nxc5 11.dxc5 Bxc5 12.Qe2 b6 13.Bg5 Bb7 14.Rad1 Qe7 15.Ne5 Rfd8
16.Ng4 Bd4 17.Bb1 Qc5 18.Nxf6+ gxf6 19.Bh4 Kf8 20.Bxh7 Qc6 21.Qg4 Bxb2 22.f3 Qc7
23.Bg3 Be5 24.f4 Qxc4 25.Rc1 Bd4+ 26.Kh1 Qd5 27.Bh4 Rac8 28.Rcd1 Ke7 29.Rd2 Rh8
30.f5 Rxh7 31.fxe6 Qe4 32.Rxd4 Qxg4 33.Bxf6+ Kxe6 34.Rxg4 Rc2 35.h4 Rh5 36.Bg5 f5
37.Re1+ Be4 38.Rgxe4+ fxe4 39.Rxe4+ Kf5 40.Ra4 Rh7 41.Kh2 Rd7 42.Kh3 Rc3+
43.g3 Rdd3 44.Rf4+ Ke6 45.Re4+ Kf5 46.Rf4+ Ke6 47.Re4+  1/2-1/2

[Event "1st Dragon Capital Vietnam Open"]
[Site "Vung Tau VIE"]
[Date "2008.08.28"]
[Round "3"]
[White "Le Quang Liem"]
[Black "Bitoon,R"]
[Result "1-0"]
[WhiteElo "2577"]
[BlackElo "2439"]

1.d4 Nf6 2.Nf3 e6 3.c4 b6 4.g3 Ba6 5.b3 Bb4+ 6.Bd2 Be7 7.Bg2 O-O 8.O-O c6
9.Bc3 Ne4 10.Bb2 d5 11.Nbd2 f5 12.Ne5 Bb7 13.Nxe4 dxe4 14.f3 exf3 15.exf3 Nd7
16.Qe2 Nxe5 17.Qxe5 Qd6 18.Rfe1 Kf7 19.Qe2 Rfe8 20.f4 Bf6 21.Rad1 Rad8 22.h3 g6
23.Kh2 Qf8 24.Rd3 Qd6 25.Re3 Qd7 26.h4 h5 27.a4 Qc8 28.Rd1 Rd6 29.b4 Ba6
30.b5 Bb7 31.bxc6 Bxc6 32.d5 Bxb2 33.Qxb2 exd5 34.Rxe8 Qxe8 35.cxd5 Bxa4
36.Rc1 Qd8 37.Qa3 Be8 38.Qxa7+ Rd7 39.Qa3 Qf6 40.Rc6 Qd4 41.Re6 b5 42.Qa6 Qc5
43.Rxg6 Kf8 44.Qf6+ Bf7 45.Rh6  1-0

[Event "1st Dragon Capital Vietnam Open"]
[Site "Vung Tau VIE"]
[Date "2008.08.29"]
[Round "4"]
[White "Le Quang Long"]
[Black "Le Quang Liem"]
[Result "0-1"]
[WhiteElo "2226"]
[BlackElo "2577"]

1.e4 e5 2.Nf3 Nc6 3.Bc4 Bc5 4.O-O Nf6 5.Nc3 O-O 6.d3 h6 7.a3 a6 8.b4 Ba7
9.Be3 d6 10.Nd5 Nxd5 11.Bxd5 Ne7 12.Bb3 Ng6 13.h3 Be6 14.c3 Qf6 15.d4 Rfe8
16.d5 Bd7 17.Bxa7 Rxa7 18.Nh2 Nf4 19.Qf3 a5 20.c4 axb4 21.axb4 Rea8 22.Rxa7 Rxa7
23.Bd1 Ra1 24.Qe3 Qg6 25.Bg4 Ra4 26.Kh1 h5 27.Bf3 Rxb4 28.c5 Bb5 29.Rg1 Bd3
30.cxd6 cxd6 31.Qa7 Bxe4 32.Bxe4 Qxe4  0-1

[Event "1st Dragon Capital Vietnam Open"]
[Site "Vung Tau VIE"]
[Date "2008.08.29"]
[Round "5"]
[White "Dao Thien Hai"]
[Black "Le Quang Liem"]
[Result "1/2-1/2"]
[WhiteElo "2489"]
[BlackElo "2577"]

1.d4 d5 2.c4 c6 3.Nf3 Nf6 4.cxd5 cxd5 5.Nc3 Nc6 6.Bf4 Bf5 7.e3 e6 8.Bd3 Bxd3
9.Qxd3 Be7 10.O-O Nh5 11.Be5 f6 12.Bg3 Nxg3 13.hxg3 f5 14.Rfc1 O-O 15.Na4 Bd6
16.Nc5 Qe7 17.Qb5 Rab8 18.Nd3 Rfc8 19.Rc2 a6 20.Qb6 Bc7 21.Qc5 Bd6 22.Qb6  1/2-1/2

[Event "1st Dragon Capital Vietnam Open"]
[Site "Vung Tau VIE"]
[Date "2008.08.31"]
[Round "8"]
[White "Le Quang Liem"]
[Black "Nguyen Anh Dung"]
[Result "1-0"]
[WhiteElo "2577"]
[BlackElo "2499"]

1.d4 d5 2.Nf3 Nf6 3.c4 c6 4.e3 Bf5 5.Nc3 e6 6.Nh4 Be4 7.f3 Bg6 8.Qb3 Qb6
9.Nxg6 hxg6 10.Bd2 Nbd7 11.O-O-O Bd6 12.h3 O-O-O 13.Kb1 Kb8 14.Qc2 Qc7 15.c5 Bg3
16.b4 e5 17.b5 exd4 18.exd4 Bf4 19.Ka1 Bxd2 20.Qxd2 Ka8 21.Rb1 Nh5 22.Rb4 Qf4
23.Qb2 Nb8 24.Ra4 Ng3 25.Qa3 Na6 26.bxa6 b5 27.cxb6 Rhe8 28.Bb5 cxb5 29.Qc5 Qd6
30.b7+ Kb8 31.Qxa7+ Kxa7 32.Nxb5+ Kb8 33.Nxd6 Rxd6 34.a7+ Kxb7 35.a8=Q+ Rxa8
36.Rb1+  1-0

[Event "1st Dragon Capital Vietnam Open"]
[Site "Vung Tau VIE"]
[Date "2008.09.01"]
[Round "9"]
[White "Shanava,K"]
[Black "Le Quang Liem"]
[Result "1/2-1/2"]
[WhiteElo "2522"]
[BlackElo "2577"]

1.e4 c5 2.Nc3 d6 3.f4 g6 4.Nf3 Bg7 5.h3 Nf6 6.g4 O-O 7.Bg2 Nc6 8.d3 Rb8 9.O-O b5
10.Ne2 c4 11.Be3 Ba6 12.f5 cxd3 13.cxd3 Rc8 14.Nf4 Ne5 15.g5 Nfd7 16.d4 Nxf3+
17.Rxf3 Bb7 18.Rg3 Qb6 19.Qd3 Rc4 20.Rd1 Rfc8 21.h4 Rc2 22.h5 Nf8 23.hxg6 hxg6
24.fxg6 fxg6 25.Bh3 Qc6 26.Nxg6 Nxg6 27.Be6+ Kf8 28.Qf1+ Ke8 29.Qf7+ Kd8
30.Qxg6 Qxe4 31.Qxe4 Bxe4 32.Bxc8 Rxc8 33.Rf1 Kd7 34.Rf7 Rg8 35.Rf2 a5 36.Kf1 Ke6
37.Ke2 Bg6 38.Kd2 Kd5 39.Rg4  1/2-1/2

[Event "1st WMSG Blitz Ind"]
[Site "Beijing CHN"]
[Date "2008.10.04"]
[Round "2"]
[White "Friedel,J"]
[Black "Le Quang Liem"]
[Result "0-1"]
[WhiteElo "2498"]
[BlackElo "2583"]

1.e4 c5 2.Nf3 d6 3.d4 cxd4 4.Nxd4 Nf6 5.Nc3 g6 6.Be3 Bg7 7.f3 O-O 8.Qd2 Nc6
9.O-O-O Bd7 10.h4 Rc8 11.g4 Ne5 12.h5 Qa5 13.Nb3 Qc7 14.Be2 b5 15.hxg6 fxg6
16.Kb1 b4 17.Nd5 Nxd5 18.exd5 Nxf3 19.Bxf3 Rxf3 20.Bd4 Bxg4 21.Bxg7 Rxb3
22.cxb3 Bxd1 23.Qxd1 Kxg7 24.Qd4+ Kg8 25.Qe4 Qd7 26.Qh4 Qf5+ 27.Ka1 g5 28.Qd4 a5
29.Re1 Rc5 30.Qe3 Qf6 31.Qe4  0-1

[Event "1st WMSG Blitz Ind"]
[Site "Beijing CHN"]
[Date "2008.10.04"]
[Round "5"]
[White "Le Quang Liem"]
[Black "Socko,B"]
[Result "1-0"]
[WhiteElo "2583"]
[BlackElo "2631"]

1.d4 Nf6 2.Nf3 e6 3.c4 Bb4+ 4.Bd2 c5 5.g3 O-O 6.Bg2 d6 7.O-O Bxd2 8.Qxd2 Qe7
9.Nc3 Nc6 10.Rfd1 Rd8 11.d5 exd5 12.cxd5 Nb8 13.h3 a6 14.e4 b5 15.e5 dxe5
16.d6 Qe8 17.Re1 Bb7 18.Rxe5 Qf8 19.Rd1 Nbd7 20.Re7 h6 21.Qe3 Rac8 22.Ne5 Bxg2
23.Rxf7 Qxf7 24.Nxf7 Re8 25.Nxh6+ gxh6 26.Qxh6 Bf3 27.Rf1 Re6 28.Qg6+ Kf8
29.Qf5 Bc6 30.Qxe6 Re8 31.Qf5 Kg7 32.f4 Re3 33.Qg5+ Kf7 34.h4 b4 35.Nd1 Re2
36.Nf2 Bf3 37.Qf5 c4 38.Rc1 Bd5 39.h5 Rxb2 40.Re1 Kf8 41.h6 Bg8 42.Re7 Rd2
43.Rxd7 Ke8 44.Re7+ Kd8 45.Qxf6  1-0

[Event "1st WMSG Blitz Ind"]
[Site "Beijing CHN"]
[Date "2008.10.04"]
[Round "9"]
[White "Le Quang Liem"]
[Black "Paragua,M"]
[Result "0-1"]
[WhiteElo "2583"]
[BlackElo "2526"]

1.d4 Nf6 2.Nf3 g6 3.c4 Bg7 4.g3 O-O 5.Bg2 d6 6.O-O Nbd7 7.Nc3 e5 8.e4 exd4
9.Nxd4 Re8 10.h3 a6 11.Be3 Rb8 12.Qc2 Ne5 13.b3 c5 14.Nde2 b5 15.f4 Ned7
16.Rfd1 b4 17.Na4 Bb7 18.e5 Bxg2 19.Kxg2 dxe5 20.Nxc5 Qc7 21.Nxd7 Nxd7 22.f5 Qc6+
23.Kh2 Nf6 24.Rf1 Rbd8 25.Bg5 e4 26.Rad1 Rxd1 27.Qxd1 e3 28.fxg6 hxg6 29.Qd3 Nd7
30.Bxe3 Rxe3 31.Rf2 Rxe2  0-1

[Event "1st WMSG Blitz Ind"]
[Site "Beijing CHN"]
[Date "2008.10.04"]
[Round "10"]
[White "Le Quang Liem"]
[Black "Bartel,Mat"]
[Result "1-0"]
[WhiteElo "2583"]
[BlackElo "2602"]

1.d4 f5 2.g3 Nf6 3.Bg2 g6 4.c4 Bg7 5.Nf3 O-O 6.O-O d6 7.Nc3 Na6 8.d5 Nc5
9.Nd4 a5 10.b3 Bd7 11.Bb2 a4 12.Rb1 axb3 13.axb3 Qe8 14.b4 Na4 15.Nxa4 Rxa4
16.Qb3 Ra8 17.c5 g5 18.c6 Bc8 19.cxb7 Bxb7 20.Nxf5 Bc8 21.Nxg7 Kxg7 22.Rbc1 Ra7
23.Qe3 Rb7 24.Qxg5+ Kh8 25.e4 Rxb4 26.Qd2 Qb5 27.Bxf6+ Rxf6 28.Rxc7 Ba6 29.Rxe7 Rb1
30.Rc1 Qb6 31.Rc7 Rb2 32.Rc8+ Bxc8 33.Rxc8+ Kg7 34.Qg5+ Rg6 35.Qe7+ Kh6 36.Qf8+ Rg7
37.Qf4+ Kg6 38.Rc6 Rb1+ 39.Bf1  1-0

[Event "1st WMSG Rapid Ind"]
[Site "Beijing CHN"]
[Date "2008.10.05"]
[Round "2"]
[White "Ghaem Maghami,E"]
[Black "Le Quang Liem"]
[Result "0-1"]
[WhiteElo "2599"]
[BlackElo "2583"]

1.c4 e5 2.Nc3 Nf6 3.Nf3 Nc6 4.d3 Bc5 5.g3 O-O 6.Bg2 d6 7.O-O a6 8.a3 h6 9.b4 Ba7
10.e3 Be6 11.Qe2 Qd7 12.Bb2 Bh3 13.Rac1 Ne7 14.Rfd1 Ng6 15.Qf1 Bxg2 16.Qxg2 Rae8
17.a4 Nh7 18.b5 f5 19.Ba3 c6 20.Rb1 Nf6 21.Rb2 Bb8 22.bxc6 bxc6 23.Nd2 Ba7
24.Rdb1 Rb8 25.Nb3 Qc7 26.d4 e4 27.Qf1 c5 28.Nd5 Nxd5 29.cxd5 cxd4 30.exd4 f4
31.Qxa6 Rf6 32.Qc6 Qf7 33.Bxd6 Rd8 34.Qc7 Rfxd6 35.Qxf7+ Kxf7 36.Nd2 Bxd4
37.Rb7+ Kg8 38.Nxe4 Rxd5 39.Rb8 f3 40.Rxd8+ Rxd8 41.Rd1 Rb8 42.h3 Rb4 43.Rd3 Ne5
44.Ra3 Ba7 45.Nd2 Rb2  0-1

[Event "1st WMSG Rapid Ind"]
[Site "Beijing CHN"]
[Date "2008.10.06"]
[Round "6"]
[White "Le Quang Liem"]
[Black "Balogh,C"]
[Result "1/2-1/2"]
[WhiteElo "2583"]
[BlackElo "2616"]

1.d4 d5 2.c4 c6 3.Nf3 Nf6 4.e3 Bf5 5.Nc3 e6 6.Nh4 Be4 7.f3 Bg6 8.Qb3 Qc7
9.Bd2 Be7 10.Nxg6 hxg6 11.O-O-O a6 12.Kb1 dxc4 13.Bxc4 b5 14.Bd3 c5 15.dxc5 Nbd7
16.Ne4 Nxe4 17.Bxe4 Nxc5 18.Qc3 Bf6 19.Qc2 Rc8 20.Bb4 Nxe4 21.Qxe4 Rh4 22.f4 Qc4
23.Qxc4 Rxc4 24.a3 Be7 25.Bxe7 Kxe7 26.Rd3 Rh5 27.b3 Rc7 28.h4 Rhc5 29.Rhd1 Rc3
30.g4 Rxd3 31.Rxd3 Rc8 32.g5 Rh8 33.Rc3 Kd7 34.Rd3+ Ke7 35.Rc3 Kd7 36.Rd3+  1/2-1/2

[Event "1st WMSG Rapid Ind"]
[Site "Beijing CHN"]
[Date "2008.10.07"]
[Round "9"]
[White "Nguyen Ngoc Truong Son"]
[Black "Le Quang Liem"]
[Result "1/2-1/2"]
[WhiteElo "2567"]
[BlackElo "2583"]

1.Nf3 Nf6 2.d3 d5 3.Bg5 Nbd7 4.h3 e5 5.e3 Bd6 6.Be2 O-O 7.Nbd2 h6 8.Bh4 Re8
9.O-O c6 10.Bg3 Nf8 11.Re1 Ng6 12.Nf1 Be6 13.Nh4 Nf8 14.c3 Qb6 15.Qc2 g5
16.Nf3 Bf5 17.e4 dxe4 18.Ne3 Bg6 19.Nc4 Qc7 20.Nxd6 Qxd6 21.Nxe5 exd3 22.Bxd3 Bxd3
23.Nxd3 Qd5 24.Ne5 Rad8 25.a4 Qe6 26.Nf3 Ne4 27.Be5 f5 28.Bd4 b6 29.b4 Qc8
30.Qb3+ Qe6 31.Qc2 Qc8 32.Qb3+ Qe6 33.Qc2 Qd6  1/2-1/2

[Event "1st WMSG Blitz Pair"]
[Site "Beijing CHN"]
[Date "2008.10.08"]
[Round "2"]
[White "Berend,F"]
[Black "Le Quang Liem"]
[Result "0-1"]
[WhiteElo "2345"]
[BlackElo "2583"]

1.e4 c5 2.Nf3 d6 3.Nc3 Nf6 4.d4 cxd4 5.Nxd4 a6 6.Be2 e5 7.Nb3 Be7 8.Bg5 Be6
9.Bxf6 Bxf6 10.Qd3 O-O 11.O-O-O Be7  0-1

[Event "1st WMSG Blitz Pair"]
[Site "Beijing CHN"]
[Date "2008.10.08"]
[Round "7"]
[White "Aveskulov,V"]
[Black "Le Quang Liem"]
[Result "1-0"]
[WhiteElo "2544"]
[BlackElo "2583"]

1.e4 c5 2.Nf3 d6 3.d4 cxd4 4.Nxd4 Nf6 5.Nc3 g6 6.f3 Bg7 7.Be3 Bd7 8.Qd2 Nc6
9.O-O-O O-O 10.Kb1 Rc8 11.g4 Ne5 12.Be2 b5 13.h4 b4 14.Nd5 Nxd5 15.exd5 Rc5
16.Nb3 Nc4 17.Bxc4 Rxc4 18.Bh6 Bxh6 19.Qxh6 e5 20.dxe6 Bxe6 21.h5 g5 22.Rxd6 Qe7
23.Re1 Rf4 24.Rd3 Rd8 25.Rde3 Rd6 26.Re5 f6 27.R5e3 Rc4 28.Nc1 Rcc6 29.f4 Qf8
30.Qxf8+ Kxf8 31.fxg5 fxg5 32.Nd3 Bxg4 33.Re8+ Kf7 34.Ra8 Rc7 35.Ne5+ Kg7
36.Nxg4 Rd4 37.Ne3 Rf7 38.Re8 Kh6 39.Re6+ Kxh5 40.Re5 Kg6 41.c3 bxc3 42.bxc3 Rdf4
43.Rg1 h6 44.Kc2 Rf2+ 45.Kd3 Rxa2 46.Re6+ Rf6 47.Re8 Rd6+ 48.Ke4 Re2 49.Kf3 Red2
50.Rg4 Rf6+ 51.Ke4 Rd7 52.Nd5 Rfd6 53.c4 Rc6 54.Kd4 Kf7 55.Rge4 Rcd6 56.Rh8 Kg7
57.Rhe8 h5 58.R4e5 Rg6 59.R8e7+ Rxe7 60.Rxe7+ Kh6 61.c5 g4 62.Ne3 g3 63.Ng2 Kg5
64.Re4 a5 65.Kd5 Kf5 66.Rf4+ Kg5 67.Re4 Rg8 68.c6 Rd8+ 69.Kc5 Rd2 70.c7 Rxg2
71.c8=Q h4 72.Rf4 Kxf4 73.Qc6 h3 74.Qe4+ Kg5 75.Qe5+ Kg4 76.Qe4+ Kg5 77.Qd5+ Kf4
78.Qf7+ Kg4 79.Qf3+  1-0

[Event "1st WMSG Blitz Pair"]
[Site "Beijing CHN"]
[Date "2008.10.08"]
[Round "9"]
[White "Le Quang Liem"]
[Black "Pruess,D"]
[Result "1-0"]
[WhiteElo "2583"]
[BlackElo "2422"]

1.d4 Nf6 2.Nf3 c5 3.d5 b5 4.Bg5 Qb6 5.Bxf6 Qxf6 6.c3 e6 7.e4 a6 8.a4 b4 9.Nbd2 exd5
10.exd5 bxc3 11.bxc3 Qxc3 12.Rc1 Qa5 13.Qe2+ Be7 14.d6 O-O 15.dxe7 Re8 16.Qd3 Rxe7+
17.Be2 d5 18.Qxd5 Bb7 19.Qxc5 Qxc5 20.Rxc5 Nc6 21.Nc4 Rae8 22.Ne3 h6 23.O-O Kf8
24.Rb1 a5 25.Rxb7  1-0

[Event "1st WMSG Blitz Team"]
[Site "Beijing CHN"]
[Date "2008.10.13"]
[Round "1"]
[White "Le Quang Liem"]
[Black "Kakageldyev,A"]
[Result "1-0"]
[WhiteElo "2583"]
[BlackElo "2449"]

1.d4 g6 2.e4 Bg7 3.Nc3 d6 4.f4 Nf6 5.Nf3 O-O 6.Bd3 Na6 7.O-O c5 8.d5 Nc7
9.a4 a6 10.Kh1 Rb8 11.a5 Bd7 12.Nd2 Nb5 13.Nc4 Nxc3 14.bxc3 Bb5 15.Qe1 e6
16.dxe6 fxe6 17.e5 Ne8 18.exd6 Nxd6 19.Qxe6+ Nf7 20.Bb2 Re8 21.Qh3 Qd5 22.Nb6 Qd6
23.Rad1 Bxd3 24.Rxd3 Qe6 25.Qxe6 Rxe6 26.Ba3 Rc6 27.Re1 h5 28.c4 Kh7 29.Re7 Rf8
30.Nd7 Rd8 31.Rxf7 Re6 32.Ne5 Rxd3 33.cxd3 Kg8 34.Rxb7 g5 35.g3 gxf4 36.gxf4 Bh6
37.Rb6 Rxb6 38.axb6 Bxf4 39.Nd7 Kf7 40.b7 Ke6 41.b8=Q Bxb8 42.Nxb8  1-0

[Event "1st WMSG Blitz Team"]
[Site "Beijing CHN"]
[Date "2008.10.13"]
[Round "2"]
[White "Likavsky,T"]
[Black "Le Quang Liem"]
[Result "0-1"]
[WhiteElo "2498"]
[BlackElo "2583"]

1.d4 Nf6 2.c4 e6 3.Nc3 Bb4 4.Qc2 O-O 5.a3 Bxc3+ 6.Qxc3 b6 7.Bg5 Bb7 8.e3 d6
9.f3 Nbd7 10.Nh3 c5 11.Nf2 Rc8 12.Ng4 h6 13.Bh4 Re8 14.dxc5 Rxc5 15.b4 Rh5
16.Nxf6+ Nxf6 17.Bxf6 Qxf6 18.Qxf6 gxf6 19.Kf2 Rg5 20.h4 Rg7 21.Be2 Kf8 22.Rhd1 Ke7
23.Rd2 Reg8 24.Bf1 Rd8 25.Rad1 Rgg8 26.Rb1 Rc8 27.a4 f5 28.Ra2 d5 29.c5 bxc5
30.bxc5 Ba8 31.Rb5 Bc6 32.Ra5 Rc7 33.Rb2 Rd8 34.Rb4 Ba8 35.Ke1 Rdc8 36.Rbb5 Bc6
37.Rb4 Bd7 38.Be2 Kf6 39.Kf2 Be8 40.f4 Rxc5 41.Rxa7 Rc2 42.Rb1  0-1

[Event "1st WMSG Blitz Team"]
[Site "Beijing CHN"]
[Date "2008.10.13"]
[Round "9"]
[White "Le Quang Liem"]
[Black "Korobov,A"]
[Result "0-1"]
[WhiteElo "2583"]
[BlackElo "2605"]

1.d4 Nf6 2.Nf3 g6 3.c4 Bg7 4.Nc3 d6 5.g3 O-O 6.Bg2 Nc6 7.O-O a6 8.Nd5 Bf5
9.Nxf6+ Bxf6 10.d5 Ne5 11.Nxe5 Bxe5 12.Bh6 Re8 13.Qd2 b5 14.Rac1 Rb8 15.c5 Bh8
16.e4 Bc8 17.Bg5 Bf6 18.Bxf6 exf6 19.Qf4 f5 20.exf5 Bxf5 21.cxd6 cxd6 22.Rc6 Re5
23.Rxa6 Qe7 24.Qb4 Bd3 25.Rd1 Be2 26.Rc1 Rd8 27.Rac6 Bc4 28.Rd1 Qf6 29.b3 Re2
30.Rf1 Rb2 31.Rxc4 bxc4 32.Qxc4 Rxa2 33.h4 Rb2 34.h5 gxh5 35.Qe4 h4 36.gxh4 Kh8
37.Kh1 Rg8 38.Bf3 Rxb3 39.Bg2 Rb2 40.Bf3 Rb3 41.Bg2 Rgb8 42.Kg1 R3b4 43.Qe3 Rg8
44.f4 Rb2 45.Rf2 Rb1+ 46.Rf1 Rxf1+ 47.Kxf1 Qa1+ 48.Kf2 Qb2+  0-1

[Event "1st WMSG Blitz Team"]
[Site "Beijing CHN"]
[Date "2008.10.13"]
[Round "10"]
[White "Ghaem Maghami,E"]
[Black "Le Quang Liem"]
[Result "0-1"]
[WhiteElo "2599"]
[BlackElo "2583"]

1.e4 c5 2.Nf3 d6 3.c3 Nf6 4.h3 g6 5.Bd3 Bg7 6.Bc2 O-O 7.O-O e5 8.d4 exd4
9.cxd4 Nc6 10.dxc5 dxc5 11.Nc3 Be6 12.Qxd8 Raxd8 13.Bg5 h6 14.Be3 Nd4 15.Bd1 Rfe8
16.Rc1 Bc4 17.Re1 Ba6 18.e5 Nxf3+ 19.Bxf3 Rxe5 20.Bf4 Rxe1+ 21.Rxe1 g5 22.Be3 b6
23.a4 Bc4 24.Rc1 Bb3 25.a5 Nd7 26.Ra1 Ne5 27.Be2 Nc4 28.Bxc4 Bxc4 29.axb6 axb6
30.f3 Rd3 31.Kf2 Bd4 32.Bxd4 cxd4 33.Ne4 Rb3 34.Ra2 Rb4 35.Ra8+ Kg7 36.Rd8 Rxb2+
37.Kg3 Bf1 38.f4 Rxg2+ 39.Kf3 Rb2 40.fxg5 Bg2+ 41.Kf4 Bxe4 42.gxh6+ Kxh6
43.Kxe4 Re2+ 44.Kf4 b5 45.Rxd4 Re6 46.Rb4 Rb6 47.h4 Kg6 48.Ke5 Rb8 49.Rg4+ Kh6
50.Rb4 Rb6 51.Kf4 Kg6 52.Ke5 f6+ 53.Kf4 Rb8 54.Kg4 Kf7 55.h5 Ke6 56.Kf4 Kf7
57.Kf5 Kg7 58.Kf4 Rb6 59.Kg4 Kh6 60.Kh4 f5 61.Kg3 Kxh5 62.Kf4 Kg6 63.Ke5 Kg5
64.Rf4 Rf6 65.Rb4 Rf8 66.Rxb5 Re8+ 67.Kd4 Kg4 68.Rb8 Rxb8  0-1